[Event "Campionatul National pe Echipe - Divizi"]
[Site "Olanesti - Hotel PARANG"]
[Date "2013.10.12"]
[Round "1.3"]
[White "Prodileanu, Adrian"]
[Black "Florescu, Codrut-Constantin"]
[Result "1/2-1/2"]
[WhiteElo "2233"]
[BlackElo "2196"]
[PlyCount "97"]
[EventDate "2013.10.12"]
[EventType "team"]
[EventRounds "9"]
[WhiteTeam "Sah Club Oltenia"]
[BlackTeam "Sah Club Deva"]

1. c4 e5 2. g3 Nc6 3. Nc3 Nf6 4. Bg2 Bc5 5. Nf3 d6 6. d3 h6 7. O-O O-O 8. a3 a6
9. b4 Ba7 10. Bb2 Be6 11. Rc1 Qd7 12. e3 Rfd8 13. Qc2 Ne7 14. Rfd1 Rab8 15. e4
Bg4 16. Nd5 Nfxd5 17. cxd5 c6 18. d4 exd4 19. Bxd4 Bxd4 20. Rxd4 cxd5 21. exd5
Rbc8 22. Qd2 Rxc1+ 23. Qxc1 Rc8 24. Qf4 Bf5 25. h4 Ng6 26. Qe3 Qc7 27. a4 Qc1+
28. Qxc1 Rxc1+ 29. Kh2 Kf8 30. Bh3 Rc2 31. Rd2 Ne5 32. Rxc2 Nxf3+ 33. Kg2 Nxh4+
34. gxh4 Bxc2 35. Kf3 f5 36. a5 Ke7 37. Ke3 g5 38. hxg5 hxg5 39. Bf1 f4+ 40.
Kd4 Ba4 41. Bh3 Kd8 42. Be6 Bc2 43. Bg4 Kc7 44. Be6 Bb1 45. Bg4 Bh7 46. Be6 Bg6
47. Bg4 Bf7 48. Ke4 Bg6+ 49. Bf5 1/2-1/2

[Event "Campionatul National pe Echipe - Divizi"]
[Site "Olanesti - Hotel PARANG"]
[Date "2013.10.14"]
[Round "3.3"]
[White "Telea, Stefan"]
[Black "Florescu, Codrut-Constantin"]
[Result "1/2-1/2"]
[WhiteElo "2092"]
[BlackElo "2196"]
[PlyCount "38"]
[EventDate "2013.10.12"]
[EventType "team"]
[EventRounds "9"]
[WhiteTeam "Chindia Targoviste"]
[BlackTeam "Sah Club Deva"]

1. Nf3 d5 2. g3 Nf6 3. Bg2 e6 4. O-O Be7 5. d4 O-O 6. c4 c6 7. Nc3 Nbd7 8. Qd3
b6 9. cxd5 cxd5 10. Bf4 a5 11. Nb5 Ba6 12. a4 Bb4 13. Rfc1 Qe7 14. Rc6 Rac8 15.
Rxc8 Rxc8 16. Rc1 Rxc1+ 17. Bxc1 Ne4 18. Bf4 Nd6 19. Ne5 Nxe5 1/2-1/2

[Event "Campionatul National pe Echipe - Divizi"]
[Site "Olanesti - Hotel PARANG"]
[Date "2013.10.15"]
[Round "4.3"]
[White "Florescu, Codrut-Constantin"]
[Black "Gulie, Cosmin"]
[Result "1-0"]
[WhiteElo "2196"]
[BlackElo "2089"]
[PlyCount "79"]
[EventDate "2013.10.12"]
[EventType "team"]
[EventRounds "9"]
[WhiteTeam "Sah Club Deva"]
[BlackTeam "CS Universitatea Targoviste"]

1. e4 c5 2. Nf3 d6 3. d4 cxd4 4. Nxd4 Nf6 5. Nc3 g6 6. Be3 Bg7 7. f3 a6 8. Qd2
Nbd7 9. O-O-O b5 10. g4 Bb7 11. h4 h5 12. g5 Nh7 13. Kb1 Nc5 14. Ndxb5 axb5 15.
Bxc5 Bc6 16. Bb4 Qb6 17. Bh3 O-O 18. Rhe1 Rfd8 19. a3 Nf8 20. f4 Nd7 21. Bxd7
Bxc3 22. Qxc3 Bxd7 23. Qd4 Qxd4 24. Rxd4 Be6 25. b3 Ra7 26. Kb2 Rc8 27. Re3 Kf8
28. Rd2 Rac7 29. Rf3 d5 30. exd5 Bxd5 31. Rfd3 Be4 32. Rd8+ Rxd8 33. Rxd8+ Kg7
34. Bc3+ f6 35. gxf6+ exf6 36. Rd6 Rc6 37. Rd7+ Kh6 38. Rf7 g5 39. Rxf6+ Rxf6
40. fxg5+ 1-0

[Event "Campionatul National pe Echipe - Divizi"]
[Site "Olanesti - Hotel PARANG"]
[Date "2013.10.16"]
[Round "5.3"]
[White "Bunta, Andrei"]
[Black "Florescu, Codrut-Constantin"]
[Result "0-1"]
[WhiteElo "2019"]
[BlackElo "2196"]
[PlyCount "84"]
[EventDate "2013.10.12"]
[EventType "team"]
[EventRounds "9"]
[WhiteTeam "Sah Club Ramnicu Valcea"]
[BlackTeam "Sah Club Deva"]

1. d4 Nf6 2. c4 e6 3. Nc3 Bb4 4. e3 b6 5. Nge2 Bb7 6. a3 Be7 7. d5 O-O 8. g3 b5
9. Bg2 bxc4 10. e4 exd5 11. exd5 Na6 12. Be3 Nc5 13. O-O Rb8 14. Bxc5 Bxc5 15.
Qa4 Re8 16. Qxc4 Bb6 17. Nf4 Qe7 18. Rad1 Qc5 19. Qxc5 Bxc5 20. b4 Bd6 21. Nb5
Be5 22. Rfe1 a6 23. Nd3 Bxg3 24. fxg3 axb5 25. Rxe8+ Nxe8 26. Re1 d6 27. Nf4
Kf8 28. Bf1 Bc8 29. Ne2 Nf6 30. Nc3 Bd7 31. h3 Rb7 32. Kf2 h5 33. Ke3 Nh7 34.
Kf4 Rb8 35. Re3 g6 36. g4 hxg4 37. hxg4 f6 38. Bd3 Kf7 39. Rh3 Ng5 40. Rh1 Ra8
41. Ra1 Rh8 42. Rg1 Nh3+ 0-1

[Event "Campionatul National pe Echipe - Divizi"]
[Site "Olanesti - Hotel PARANG"]
[Date "2013.10.17"]
[Round "6.3"]
[White "Toma Andreica, Alin"]
[Black "Florescu, Codrut-Constantin"]
[Result "1/2-1/2"]
[WhiteElo "2225"]
[BlackElo "2196"]
[PlyCount "95"]
[EventDate "2013.10.12"]
[EventType "team"]
[EventRounds "9"]
[WhiteTeam "CSM Cluj Napoca"]
[BlackTeam "Sah Club Deva"]

1. e4 c6 2. Nf3 d5 3. exd5 cxd5 4. Ne5 Nf6 5. d4 g6 6. Bd3 Bg7 7. Nd2 O-O 8.
O-O Nc6 9. Nxc6 bxc6 10. Nb3 e5 11. dxe5 Ng4 12. Be2 Nxe5 13. Be3 Qh4 14. Bd4
Re8 15. c3 h5 16. Nd2 Bg4 17. f3 Bf5 18. Bf2 Qg5 19. Nb3 Nc4 20. Bxc4 dxc4 21.
Nd4 Bd3 22. Re1 c5 23. Nb3 Rxe1+ 24. Bxe1 Rb8 25. Bf2 Qd5 26. Nxc5 Rxb2 27. Qe1
Rxf2 28. Nxd3 Rc2 29. Nf4 Qc5+ 30. Kh1 Be5 31. Qe4 Rxc3 32. Nd5 Rd3 33. Qxe5
Qxd5 34. Qxd5 Rxd5 35. Rc1 Kf8 36. Kg1 Rc5 37. Re1 Kg7 38. Kf2 Kf6 39. Re2 h4
40. g3 h3 41. f4 c3 42. Rc2 Ke6 43. Ke3 Kd5 44. Kd3 f5 45. Rxc3 Rxc3+ 46. Kxc3
Ke4 47. Kc4 Kf3 48. Kd3 1/2-1/2

[Event "Campionatul National pe Echipe - Divizi"]
[Site "Olanesti - Hotel PARANG"]
[Date "2013.10.18"]
[Round "7.3"]
[White "Florescu, Codrut-Constantin"]
[Black "Bonte, Andrei-Mihai"]
[Result "1/2-1/2"]
[WhiteElo "2196"]
[BlackElo "2296"]
[PlyCount "23"]
[EventDate "2013.10.12"]
[EventType "team"]
[EventRounds "9"]
[WhiteTeam "Sah Club Deva"]
[BlackTeam "Sah Club Galati"]

1. d4 d5 2. Nf3 Nf6 3. c4 e6 4. Nc3 Be7 5. Bg5 h6 6. Bxf6 Bxf6 7. e3 O-O 8. a3
c5 9. cxd5 exd5 10. dxc5 Bxc3+ 11. bxc3 Qa5 12. Qd2 1/2-1/2

[Event "Campionatul National pe Echipe - Divizi"]
[Site "Olanesti - Hotel PARANG"]
[Date "2013.10.19"]
[Round "8.3"]
[White "Bogdan , Dan"]
[Black "Florescu, Codrut-Constantin"]
[Result "1/2-1/2"]
[WhiteElo "2367"]
[BlackElo "2196"]
[PlyCount "36"]
[EventDate "2013.10.12"]
[EventType "team"]
[EventRounds "9"]
[WhiteTeam "CS Sinandrei Timis"]
[BlackTeam "Sah Club Deva"]

1. c4 c5 2. Nc3 Nf6 3. g3 g6 4. Bg2 Bg7 5. Nf3 Nc6 6. O-O O-O 7. d4 cxd4 8.
Nxd4 Nxd4 9. Qxd4 d6 10. Qd3 Bf5 11. e4 Be6 12. Bd2 Rc8 13. b3 a6 14. Rac1 Re8
15. h3 Qc7 16. Kh2 Qb8 17. Nd5 Nxd5 18. cxd5 Bd7 1/2-1/2

[Event "Campionatul National pe Echipe - Divizi"]
[Site "Olanesti - Hotel PARANG"]
[Date "2013.10.20"]
[Round "9.3"]
[White "Florescu, Codrut-Constantin"]
[Black "Tufa, Mihai"]
[Result "1-0"]
[WhiteElo "2196"]
[BlackElo "1928"]
[PlyCount "81"]
[EventDate "2013.10.12"]
[EventType "team"]
[EventRounds "9"]
[WhiteTeam "Sah Club Deva"]
[BlackTeam "Diana Galati"]

1. d4 e6 2. e4 d5 3. e5 c5 4. c3 Nc6 5. Nf3 Bd7 6. Be3 Qb6 7. Qd2 Rc8 8. dxc5
Bxc5 9. Bxc5 Qxc5 10. b4 Qb6 11. Bd3 d4 12. a3 dxc3 13. Nxc3 Nd4 14. Ne4 Nxf3+
15. gxf3 Qd4 16. Nd6+ Kf8 17. O-O Rc3 18. Rad1 g5 19. Rfe1 Ba4 20. Re4 Qxd3 21.
Qxd3 Rxd3 22. Rxd3 Bc2 23. Rc3 Bxe4 24. fxe4 Nh6 25. Rc7 Kg7 26. Rxb7 Ra8 27.
f3 Kg6 28. Kf2 f6 29. exf6 Kxf6 30. Rxh7 Ng8 31. Ke3 Rd8 32. e5+ Kg6 33. Rxa7
Nh6 34. b5 Nf5+ 35. Nxf5 Kxf5 36. b6 Rd1 37. b7 Rb1 38. a4 Kxe5 39. Ra5+ Kd6
40. Rb5 Rxb5 41. axb5 1-0

[Event "Arad Open 2013"]
[Site "Arad ROU"]
[Date "2013.08.04"]
[Round "3.14"]
[White "Florescu, Codrut-Constantin"]
[Black "Petrisor, Adrian-Marian"]
[Result "1/2-1/2"]
[WhiteElo "2160"]
[BlackElo "2401"]
[PlyCount "83"]
[EventDate "2013.08.03"]

1. d4 Nf6 2. Nf3 g6 3. Nc3 Bg7 4. e4 d6 5. Be3 c6 6. Qd2 Bg4 7. Be2 Qa5 8. O-O
Bxf3 9. Bxf3 O-O 10. Rab1 Nbd7 11. Rfd1 Qc7 12. Re1 e5 13. Rbd1 Rfe8 14. d5 c5
15. Nb5 Qb8 16. c4 a6 17. Na3 Kh8 18. Rb1 Ng8 19. b4 f5 20. Qc2 cxb4 21. Rxb4
f4 22. Bd2 Ngf6 23. Rb2 h5 24. h3 Nc5 25. Bb4 Nfd7 26. Nb1 Qa7 27. Nc3 Rac8 28.
Reb1 Bf6 29. Bxc5 Nxc5 30. Rb6 Qb8 31. Na4 Re7 32. Nxc5 Rxc5 33. Be2 Qc7 34.
Qa4 Bh4 35. R1b3 f3 36. gxf3 Rxd5 37. Qb4 Rd4 38. Rxb7 Qxb7 39. Qxb7 Rxb7 40.
Rxb7 Rd2 41. Kf1 Rxa2 42. Rd7 1/2-1/2

[Event "Arad Open 2013"]
[Site "Arad ROU"]
[Date "2013.08.09"]
[Round "9.13"]
[White "Florescu, Codrut-Constantin"]
[Black "Anton, Teodor"]
[Result "0-1"]
[WhiteElo "2160"]
[BlackElo "2442"]
[PlyCount "77"]
[EventDate "2013.08.03"]

1. d4 Nf6 2. c4 e6 3. Nc3 c5 4. d5 exd5 5. cxd5 d6 6. e4 g6 7. Nf3 Bg7 8. Be2
O-O 9. O-O Re8 10. Nd2 a6 11. a4 Nbd7 12. h3 Qc7 13. Qc2 Rb8 14. Ra2 c4 15. a5
b5 16. axb6 Nxb6 17. Rd1 Nfd7 18. Nf3 Nc5 19. Be3 Bxc3 20. bxc3 Nxe4 21. Nh2
Nf6 22. Bf3 Bf5 23. Qc1 Nbxd5 24. Bd4 Rb1 25. Qd2 Qe7 26. Ng4 Rxd1+ 27. Qxd1
Bxg4 28. hxg4 Nc7 29. Qa4 d5 30. Qc6 Ne4 31. Bxe4 dxe4 32. Qxc4 Qe6 33. Qe2 Nb5
34. Ra5 Rd8 35. g5 Nxd4 36. cxd4 Rxd4 37. Qxa6 Rd1+ 38. Kh2 Qg4 39. Ra1 0-1

[Event "Campionatul National individual  de sen"]
[Site "Olanesti"]
[Date "2013.02.16"]
[Round "1.31"]
[White "Kaunz, Werner"]
[Black "Florescu, Codrut-Constantin"]
[Result "0-1"]
[WhiteElo "1822"]
[BlackElo "2212"]
[PlyCount "40"]
[EventDate "2013.02.16"]
[EventRounds "9"]

1. e4 d5 2. exd5 Nf6 3. Bb5+ Nbd7 4. Nc3 g6 5. Nf3 Bg7 6. Ne5 O-O 7. Nxd7 Bxd7
8. Bxd7 Qxd7 9. Qf3 e6 10. dxe6 Qxe6+ 11. Ne2 Rae8 12. d3 Re7 13. Be3 Nd5 14.
Bc5 Rfe8 15. Bxe7 Rxe7 16. Kd1 Bxb2 17. Rb1 Qxe2+ 18. Qxe2 Nc3+ 19. Ke1 Rxe2+
20. Kf1 Rxc2 0-1

[Event "Campionatul National individual  de sen"]
[Site "Olanesti"]
[Date "2013.02.18"]
[Round "3.27"]
[White "Delgado-Vlaic, Adrian"]
[Black "Florescu, Codrut-Constantin"]
[Result "1/2-1/2"]
[WhiteElo "1957"]
[BlackElo "2212"]
[PlyCount "44"]
[EventDate "2013.02.16"]
[EventRounds "9"]

1. e4 d5 2. exd5 Nf6 3. Nc3 Nxd5 4. d3 g6 5. Nge2 Bg7 6. Bd2 O-O 7. g3 b6 8.
Bg2 Bb7 9. O-O Nxc3 10. Bxc3 Bxg2 11. Kxg2 e5 12. d4 Qd5+ 13. f3 e4 14. Nf4
exf3+ 15. Qxf3 Qxf3+ 16. Rxf3 c6 17. d5 cxd5 18. Nxd5 Nc6 19. Nf6+ Kh8 20. Rd1
Rad8 21. Rfd3 Rxd3 22. Rxd3 Rd8 1/2-1/2

[Event "Campionatul National individual  de sen"]
[Site "Olanesti"]
[Date "2013.02.18"]
[Round "4.29"]
[White "Florescu, Codrut-Constantin"]
[Black "Acsinte, Matei-Ionut"]
[Result "1/2-1/2"]
[WhiteElo "2212"]
[BlackElo "2030"]
[PlyCount "86"]
[EventDate "2013.02.16"]
[EventRounds "9"]

1. e4 c5 2. Ne2 d6 3. d4 cxd4 4. Nxd4 Nf6 5. Nc3 a6 6. f4 e6 7. Qf3 Qc7 8. Be3
b5 9. Bd3 Bb7 10. O-O-O Nbd7 11. Kb1 Nb6 12. Rhe1 Be7 13. g4 Nc4 14. g5 Nd7 15.
Bc1 b4 16. Nd5 exd5 17. exd5 Nce5 18. fxe5 Nxe5 19. Qg2 Rc8 20. h4 Qa5 21. Nc6
Nxc6 22. dxc6 Bxc6 23. Be4 Qc5 24. Bxc6+ Qxc6 25. Qxc6+ Rxc6 26. Re4 Kd7 27.
Rxb4 Rhc8 28. c3 Rc4 29. Rxc4 Rxc4 30. Rh1 f6 31. Kc2 a5 32. Bd2 Rg4 33. b3 Rg2
34. Kd3 d5 35. Rh3 fxg5 36. hxg5 Bxg5 37. Bxg5 Rxg5 38. Rxh7 Kd6 39. Rh8 Rg3+
40. Kc2 Rg2+ 41. Kb1 Kc6 42. Ra8 Kb6 43. Rd8 Kc6 1/2-1/2

[Event "Campionatul National individual  de sen"]
[Site "Olanesti"]
[Date "2013.02.19"]
[Round "5.24"]
[White "Lupascu, Matei Alexandru"]
[Black "Florescu, Codrut-Constantin"]
[Result "1/2-1/2"]
[WhiteElo "2004"]
[BlackElo "2212"]
[PlyCount "22"]
[EventDate "2013.02.16"]
[EventRounds "9"]

1. d4 d5 2. c4 e6 3. Nc3 Be7 4. Nf3 Nf6 5. Bg5 Nbd7 6. cxd5 exd5 7. e3 c6 8.
Bd3 Ne4 9. Bxe7 Qxe7 10. Qc2 f5 11. Rb1 a5 1/2-1/2

[Event "Arad Open"]
[Site "?"]
[Date "2013.08.06"]
[Round "?"]
[White "Szalai, Kornel"]
[Black "Florescu, Codrut-Constantin"]
[Result "1-0"]
[WhiteElo "2419"]
[BlackElo "2160"]
[PlyCount "71"]
[EventDate "2013.??.??"]

1. e4 c5 2. Nf3 e6 3. d3 d5 4. Qe2 Nf6 5. g3 Be7 6. Bg2 O-O 7. O-O Nc6 8. e5
Ne8 9. c4 Nc7 10. Nc3 Rb8 11. h4 b5 12. b3 bxc4 13. dxc4 dxc4 14. Rd1 Qe8 15.
bxc4 Ba6 16. a4 Rb4 17. Nb5 Qb8 18. Rd7 Bd8 19. Be3 Bc8 20. Rxd8 Rxd8 21. Bxc5
a6 22. Bxb4 Nxb4 23. Nd6 Ne8 24. c5 Qc7 25. Qc4 a5 26. Nd4 Ba6 27. N4b5 Qe7 28.
c6 Nc7 29. Qc5 f6 30. f4 fxe5 31. fxe5 Ncd5 32. Rf1 Nd3 33. Qd4 Bxb5 34. axb5
Nxe5 35. Qxe5 Rxd6 36. Bxd5 1-0

[Event "Romanian Championship"]
[Site "?"]
[Date "2013.02.20"]
[Round "?"]
[White "Florescu, Codrut-Constantin"]
[Black "Tanase, Florin-Gheorghe"]
[Result "1-0"]
[WhiteElo "2212"]
[BlackElo "2076"]
[PlyCount "73"]
[EventDate "2013.??.??"]

1. e4 Nf6 2. e5 Nd5 3. c4 Nb6 4. d4 d6 5. exd6 cxd6 6. Nc3 g6 7. Be3 Bg7 8. Rc1
O-O 9. b3 a5 10. Nf3 Na6 11. Be2 Bd7 12. O-O a4 13. Qd2 axb3 14. axb3 Nc8 15.
Bh6 Na7 16. Bxg7 Kxg7 17. d5 Qb8 18. Rfe1 Re8 19. Nd4 Qc7 20. Bf3 Nc5 21. Re3
Qb6 22. Rb1 Nc8 23. h4 Qd8 24. h5 Na7 25. g3 Rb8 26. Kg2 e5 27. dxe6 fxe6 28.
hxg6 hxg6 29. Nde2 Bc6 30. Rh1 Nc8 31. Re4 Nxe4 32. Qh6+ Kf7 33. Qh7+ Kf6 34.
Bxe4 Ne7 35. Bxc6 bxc6 36. Ne4+ Ke5 37. Qg7+ 1-0

[Event "Romanian Team National Championship 201"]
[Site "Olanesti"]
[Date "2012.10.06"]
[Round "1.2"]
[White "Florescu, Codrut-Constantin"]
[Black "Baltag, Iulian"]
[Result "1-0"]
[WhiteElo "2238"]
[BlackElo "2391"]
[PlyCount "51"]
[EventDate "2012.10.06"]
[EventRounds "9"]
[WhiteTeam "Sah Club Deva"]
[BlackTeam "CSO Cugir"]

1. e4 c5 2. Nf3 d6 3. d4 cxd4 4. Nxd4 Nf6 5. Nc3 a6 6. f4 e5 7. Nf3 Qc7 8. a4
Be7 9. Bd3 b6 10. O-O Nbd7 11. fxe5 dxe5 12. Nh4 g6 13. Bh6 Bb7 14. Qe2 Nh5 15.
Nf5 Bf8 16. Nd5 Bxd5 17. exd5 f6 18. d6 Qa7 19. Be3 Qb7 20. Rad1 Ng7 21. Nxg7+
Bxg7 22. Bc4 Qc8 23. Qg4 Kf8 24. Be6 Ra7 25. a5 Qd8 26. axb6 1-0

[Event "Romanian Team National Championship 201"]
[Site "Olanesti"]
[Date "2012.10.07"]
[Round "2.2"]
[White "Suba, Mihai"]
[Black "Florescu, Codrut-Constantin"]
[Result "1-0"]
[WhiteElo "2424"]
[BlackElo "2238"]
[PlyCount "71"]
[EventDate "2012.10.06"]
[EventRounds "9"]
[WhiteTeam "Muncitorul Resita"]
[BlackTeam "Sah Club Deva"]

1. c4 e5 2. Nc3 Nf6 3. Nf3 Nc6 4. a3 d6 5. g3 g6 6. Bg2 Bg7 7. O-O O-O 8. d3 h6
9. Rb1 Be6 10. b4 a6 11. a4 Qd7 12. b5 axb5 13. axb5 Nd4 14. Nd2 Bh3 15. Bxb7
Bxf1 16. Bxa8 Bxe2 17. Nxe2 Rxa8 18. Nxd4 exd4 19. Nf3 Ng4 20. Bb2 Ra2 21. Qb3
Qf5 22. Kg2 Ra8 23. Re1 h5 24. Re4 Rb8 25. h3 d5 26. cxd5 Nf6 27. Re5 Qd7 28.
Nxd4 h4 29. Nc6 Ra8 30. Qc4 hxg3 31. fxg3 Nh5 32. Re7 Qd6 33. Be5 Bxe5 34. Rxe5
Nxg3 35. b6 cxb6 36. Qf4 1-0

[Event "Romanian Team National Championship 201"]
[Site "Olanesti"]
[Date "2012.10.09"]
[Round "4.2"]
[White "Florescu, Codrut-Constantin"]
[Black "Pop, Alexandru"]
[Result "1-0"]
[WhiteElo "2238"]
[BlackElo "2239"]
[PlyCount "43"]
[EventDate "2012.10.06"]
[EventRounds "9"]
[WhiteTeam "Sah Club Deva"]
[BlackTeam "CS Otopeni"]

1. e4 e5 2. Nf3 Nc6 3. Nc3 Nf6 4. g3 Bc5 5. Bg2 O-O 6. Nxe5 Nxe5 7. d4 Bd6 8.
f4 Nc6 9. e5 Bb4 10. d5 Nxe5 11. fxe5 Re8 12. O-O Rxe5 13. Bf4 Re8 14. Bg5 Be7
15. d6 cxd6 16. Nd5 Rb8 17. Bxf6 Bxf6 18. Nxf6+ gxf6 19. Qxd6 Qb6+ 20. Qxb6
axb6 21. Rxf6 Re6 22. Raf1 1-0

[Event "Romanian Team National Championship 201"]
[Site "Olanesti"]
[Date "2012.10.11"]
[Round "6.2"]
[White "Florescu, Codrut-Constantin"]
[Black "Miroiu, George Catalin"]
[Result "1/2-1/2"]
[WhiteElo "2238"]
[BlackElo "2337"]
[PlyCount "104"]
[EventDate "2012.10.06"]
[EventRounds "9"]
[WhiteTeam "Sah Club Deva"]
[BlackTeam "Conpet Ploiesti"]

1. e4 e6 2. d4 d5 3. Nc3 Nf6 4. Bg5 Be7 5. e5 Nfd7 6. Bxe7 Qxe7 7. f4 a6 8. Nf3
Nb6 9. Qd2 Bd7 10. a4 Qb4 11. b3 c5 12. a5 Nc8 13. Ne2 Qxd2+ 14. Kxd2 cxd4 15.
Nexd4 Ne7 16. b4 Nbc6 17. c3 Nxd4 18. Nxd4 O-O 19. g3 Rac8 20. Bd3 Rc7 21. Rhb1
Nc6 22. Nxc6 Bxc6 23. Ra3 Ra8 24. Rba1 h6 25. R1a2 Bb5 26. Bxb5 axb5 27. a6
bxa6 28. Rxa6 Rac8 29. R2a3 d4 30. Ra8 dxc3+ 31. Kc2 g5 32. Rxc8+ Rxc8 33. fxg5
hxg5 34. Ra5 g4 35. Rxb5 Rc4 36. Rb8+ Kg7 37. b5 Kg6 38. b6 Kf5 39. Rf8 Rb4 40.
Rxf7+ Kxe5 41. b7 Kd5 42. Kxc3 Rb1 43. Rd7+ Kc6 44. Rg7 Kd5 45. Rxg4 Rxb7 46.
h4 Rb1 47. Kd3 e5 48. h5 e4+ 49. Ke2 Rh1 50. Rg5+ Kd4 51. Ra5 Rh2+ 52. Kf1 e3
1/2-1/2

[Event "Romanian Team National Championship 201"]
[Site "Olanesti"]
[Date "2012.10.13"]
[Round "8.2"]
[White "Florescu, Codrut-Constantin"]
[Black "Zamfirescu, Bogdan-Ionut"]
[Result "1-0"]
[WhiteElo "2238"]
[BlackElo "2108"]
[PlyCount "51"]
[EventDate "2012.10.06"]
[EventRounds "9"]
[WhiteTeam "Sah Club Deva"]
[BlackTeam "Colosseum Giurgiu"]

1. d4 Nf6 2. c4 g6 3. Nc3 Bg7 4. Nf3 d6 5. Bf4 O-O 6. e3 Nbd7 7. Be2 c6 8. h3
Qe8 9. O-O e5 10. Bh2 Qe7 11. Qc2 Ne8 12. b4 f5 13. dxe5 dxe5 14. c5 Nc7 15.
Qb3+ Kh8 16. Rad1 a5 17. a3 axb4 18. axb4 b6 19. Rd6 bxc5 20. Rxc6 cxb4 21.
Rxc7 bxc3 22. Qd5 Nb6 23. Qc6 Qf6 24. Bxe5 Qxc6 25. Bxg7+ Kg8 26. Rxc6 1-0

[Event "Romanian Team National Championship 201"]
[Site "Olanesti"]
[Date "2012.10.14"]
[Round "9.2"]
[White "Prodileanu, Adrian"]
[Black "Florescu, Codrut-Constantin"]
[Result "1/2-1/2"]
[WhiteElo "2223"]
[BlackElo "2238"]
[PlyCount "54"]
[EventDate "2012.10.06"]
[EventRounds "9"]
[WhiteTeam "Sah Club Oltenia Craiova"]
[BlackTeam "Sah Club Deva"]

1. c4 e6 2. g3 d5 3. Bg2 Nf6 4. Nf3 Be7 5. O-O O-O 6. d4 Nbd7 7. Qc2 c6 8. Nbd2
b6 9. e4 Ba6 10. b3 Rc8 11. Bb2 c5 12. exd5 exd5 13. Rfd1 cxd4 14. Nxd4 b5 15.
Qf5 g6 16. Qg5 bxc4 17. bxc4 dxc4 18. Nc6 Rxc6 19. Bxc6 c3 20. Bxc3 Ne4 21. Qe3
Nxc3 22. Qxc3 Bf6 23. Qa3 Bxa1 24. Qxa6 Nb8 25. Qa4 Nxc6 26. Rxa1 Ne5 27. Ne4
Qd4 1/2-1/2

[Event "Arad PAB Romania Open 2012"]
[Site "?"]
[Date "2012.07.29"]
[Round "3.4"]
[White "Florescu, Codrut-Constantin"]
[Black "Nanu, Ciprian-Costica"]
[Result "0-1"]
[WhiteElo "2299"]
[BlackElo "2528"]
[PlyCount "160"]
[EventDate "2012.07.31"]

1. e4 c5 2. Nf3 Nc6 3. d4 cxd4 4. Nxd4 g6 5. Nc3 Bg7 6. Be3 Nf6 7. Bc4 Qa5 8.
O-O O-O 9. Nb3 Qc7 10. Be2 d6 11. Kh1 a6 12. a4 Be6 13. Qd2 Ne5 14. a5 Nc4 15.
Bxc4 Bxc4 16. Rfe1 Rac8 17. f3 Nd7 18. Bd4 Bxb3 19. Bxg7 Kxg7 20. cxb3 Nf6 21.
Qd4 Qc5 22. Red1 Rc6 23. Kg1 Rfc8 24. Qxc5 Rxc5 25. Kf2 Nd7 26. Ke3 Ne5 27. Rd5
Rxc3+ 28. bxc3 Rxc3+ 29. Ke2 Rxb3 30. Rd2 Nc6 31. Raa2 Kf6 32. Kf2 Ke6 33. Ra4
g5 34. Ke2 h5 35. Rd5 f6 36. h4 Rb2+ 37. Kf1 Nb4 38. Rd4 Nc2 39. Rd2 Ne3+ 40.
Ke2 Rxd2+ 41. Kxd2 Nxg2 42. hxg5 fxg5 43. Rb4 h4 44. Ke2 Nf4+ 45. Kf1 Nd3 46.
Rxb7 Ne5 47. Kg2 Nc4 48. Ra7 Nxa5 49. Rxa6 Nc4 50. Ra8 Ne5 51. Kf2 Nd3+ 52. Ke3
Nf4 53. Ra5 Kf6 54. Rf5+ Kg6 55. Rf8 e6 56. Rd8 d5 57. exd5 exd5 58. Kf2 Kf5
59. Ke3 Ke5 60. Rd7 Ne6 61. Re7 Kf6 62. Rd7 d4+ 63. Kf2 Ke5 64. Re7 d3 65. Ke3
Kf6 66. Ra7 Nf4 67. Ra6+ Kg7 68. Ra1 Kg6 69. Ra6+ Kg7 70. Ra1 h3 71. Kf2 Kf6
72. Ke3 Kf5 73. Rg1 Kg6 74. Kf2 Kh5 75. Ra1 d2 76. Rd1 h2 77. Kg3 Nd5 78. Rh1
Kg6 79. Kxh2 Ne3 80. Kg3 Kf5 0-1

[Event "Felix Cup 2012   XXVII. Edition"]
[Site "?"]
[Date "2012.06.02"]
[Round "2.4"]
[White "Ungurean, Florin-Ioan"]
[Black "Florescu, Codrut-Constantin"]
[Result "0-1"]
[WhiteElo "1941"]
[BlackElo "2316"]
[PlyCount "62"]
[EventDate "2012.06.01"]

1. d4 Nf6 2. c4 e6 3. Nf3 b6 4. g3 Ba6 5. Qa4 Be7 6. Bg2 O-O 7. O-O c6 8. Ne5
Qe8 9. Nc3 b5 10. cxb5 cxb5 11. Qa5 d5 12. b4 Bd8 13. Qa3 Bb6 14. Rd1 Bb7 15.
Bg5 a6 16. Bxf6 gxf6 17. Ng4 Qe7 18. Qc1 f5 19. Nh6+ Kh8 20. Qe3 Qf6 21. h4 Kg7
22. Qg5+ Qxg5 23. hxg5 f6 24. f4 fxg5 25. fxg5 Kg6 26. Bxd5 Bxd5 27. Nxd5 exd5
28. g4 fxg4 29. Nxg4 Nd7 30. e3 Kxg5 31. Nf2 Rf3 0-1

[Event "Felix Cup 2012   XXVII. Edition"]
[Site "?"]
[Date "2012.06.03"]
[Round "4.3"]
[White "Pribeanu, Mihail-Dacian"]
[Black "Florescu, Codrut-Constantin"]
[Result "0-1"]
[WhiteElo "2142"]
[BlackElo "2316"]
[PlyCount "65"]
[EventDate "2012.06.01"]

1. e4 d5 2. exd5 Nf6 3. c4 e6 4. dxe6 Bxe6 5. Nf3 Nc6 6. Be2 g5 7. Nxg5 Bf5 8.
O-O Qd7 9. b4 Bxb1 10. Rxb1 Qf5 11. d3 Rg8 12. Bf3 Rxg5 13. Bxg5 Qxg5 14. Qa4
O-O-O 15. Bxc6 bxc6 16. Qa6+ Kd7 17. b5 Qc5 18. d4 Qxc4 19. Rfc1 Qd5 20. bxc6+
Ke8 21. Re1+ Be7 22. Qxa7 Qd6 23. Qa5 Nd5 24. Qa6 Kf8 25. Qd3 Qh6 26. g3 Bf6
27. a4 Ne7 28. a5 Bxd4 29. Qa3 Rd6 30. Rb8+ Kg7 31. Qf3 Nxc6 32. Rc8 Qh3 33.
Rf1 0-1

[Event "Felix Cup 2012   XXVII. Edition"]
[Site "?"]
[Date "2012.06.03"]
[Round "5.1"]
[White "Ardelean, George Catalin"]
[Black "Florescu, Codrut-Constantin"]
[Result "1/2-1/2"]
[WhiteElo "2495"]
[BlackElo "2316"]
[PlyCount "44"]
[EventDate "2012.06.01"]

1. e4 c5 2. Nf3 e6 3. d4 cxd4 4. Nxd4 Nf6 5. Nc3 d6 6. f4 a6 7. Be2 Qc7 8. O-O
Be7 9. Qe1 Nc6 10. Be3 Bd7 11. Kh1 b5 12. a3 Rc8 13. Qg3 h5 14. f5 Nxd4 15.
Bxd4 e5 16. Bf2 Qb7 17. Qd3 h4 18. Bf3 Qc6 19. Rac1 Qc4 20. Be3 Qc7 21. Nd5
Nxd5 22. exd5 Qc4 1/2-1/2

[Event "Felix Cup 2012   XXVII. Edition"]
[Site "?"]
[Date "2012.06.05"]
[Round "7.1"]
[White "Petrisor, Adrian-Marian"]
[Black "Florescu, Codrut-Constantin"]
[Result "1-0"]
[WhiteElo "2388"]
[BlackElo "2316"]
[PlyCount "88"]
[EventDate "2012.06.01"]

1. d4 Nf6 2. c4 e6 3. Nf3 b6 4. g3 Ba6 5. Qa4 c6 6. Nc3 Be7 7. e4 d5 8. cxd5
Bxf1 9. Kxf1 exd5 10. exd5 Nxd5 11. Kg2 O-O 12. Re1 Nxc3 13. bxc3 b5 14. Qb3
Nd7 15. a4 bxa4 16. Qxa4 c5 17. Ba3 Bf6 18. Rad1 Qc8 19. dxc5 Rd8 20. Re3 Nf8
21. Rxd8 Qxd8 22. Qe4 Rc8 23. Nd4 Qa5 24. Bb4 Qa4 25. Qb7 Re8 26. Rxe8 Qxe8 27.
c6 Qe4+ 28. Nf3 g5 29. Qc8 Bg7 30. Bxf8 Bxf8 31. g4 h5 32. h3 hxg4 33. hxg4 f5
34. Qxf5 Qxf5 35. gxf5 Bd6 36. Nd4 Kf7 37. Nb5 Be5 38. Nxa7 Ke7 39. Nb5 g4 40.
Kf1 Bf6 41. Ke2 Bg5 42. Kd3 Kd8 43. Kc4 Ke7 44. Kd5 Bh4 1-0